000 00843cam a2200265 i 4500
999 _c22541
_d22541
001 22541
003 Mx-PuUPA
005 20231016154709.0
008 140415s1977 mx r 000 0 spa d
040 _aMx-PuUPA
_bspa
_cMx-PuUPA
_dMx-PuUPA
_erda
041 0 _aspa
100 1 _aPoulantzas, Nicos Ar.,
_d1936-1979
_eautor
_99310
245 1 0 _aHegemonía y dominación en el estado moderno /
_cNicos Poulantzas
250 _aCuarta edición
264 4 _aMéxico, D. F. :
_bEdiciones Pasado y Presente,
_c1977
300 _a130 páginas ;
_c21 cm
336 _atexto
_2rdacontent
_btxt
337 _asin medio
_2rdamedia
_bn
338 _avolumen
_2rdacarrier
_bnc
490 _aCuadernos de Pasado y Presente ;
_v48
650 4 _aMarxismo
942 _2ddc
_cLI
_h335.4
_iP872